<?xml version="1.0" encoding="UTF-8"?>
<marc:record xmlns:marc="http://www.loc.gov/MARC21/slim">
   <marc:leader>00000nam a2200000 a 4500</marc:leader>
   <marc:datafield ind1="1" ind2=" " tag="100">
      <marc:subfield code="a">Shepherd, Catherine</marc:subfield>
      <marc:subfield code="4">aut</marc:subfield>
      <marc:subfield code="e">Verfasser/-in</marc:subfield>
   </marc:datafield>
   <marc:datafield ind1=" " ind2=" " tag="653">
      <marc:subfield code="a">Paperback</marc:subfield>
   </marc:datafield>
   <marc:datafield ind1=" " ind2=" " tag="653">
      <marc:subfield code="a">Autor &lt;Deutschland&gt;</marc:subfield>
   </marc:datafield>
   <marc:datafield ind1="0" ind2="0" tag="245">
      <marc:subfield code="a">Winterkalt</marc:subfield>
   </marc:datafield>
   <marc:datafield ind1="0" ind2="0" tag="245">
      <marc:subfield code="b">Thriller</marc:subfield>
   </marc:datafield>
   <marc:datafield ind1=" " ind2="1" tag="264">
      <marc:subfield code="b">Kafel Verl.</marc:subfield>
      <marc:subfield code="c">2018</marc:subfield>
   </marc:datafield>
   <marc:datafield ind1="1" ind2=" " tag="520">
      <marc:subfield code="a">Als Rechtsmedizinerin Julia Schwarz in einer eiskalten Winternacht zu einem Leichenfundort gerufen wird, ist sie zunächst ratlos. Auf einem Platz mitten in der Stadt steht eine kunstvoll angestrahlte Eisskulptur. Aber Julia sieht keine Leiche. Erst ganz dicht vor dem Kunstwerk erkennt sie, dass dort im Eis etwas steckt. Schockiert starrt Julia in das Gesicht einer toten Frau. Sie kann sich nicht erklären, wie das Opfer in das Eis eingeschlossen wurde. Doch nicht nur das. Kriminalkommissar Florian Kessler findet keinen einzigen Zeugen, der beobachtet hat, wie die Eisstatue überhaupt auf den Platz gelangt ist. Zudem muss Julia mit der Obduktion zähneknirschend warten, bis die Leiche aufgetaut ist. Aber noch bevor sie zum Skalpell greifen kann, schlägt der Eiskünstler erneut zu.</marc:subfield>
   </marc:datafield>
   <marc:datafield ind1=" " ind2=" " tag="020">
      <marc:subfield code="a">9783944676210</marc:subfield>
      <marc:subfield code="9">9783944676210</marc:subfield>
   </marc:datafield>
</marc:record>
